Para resolver matemática 9º egb /
Guardado en:
| Autor Principal: | |
|---|---|
| Otros Autores: | |
| Formato: | Libro |
| Publicado: |
Buenos Aires :
Del Eclipse
|
| Materias: | |
| Etiquetas: |
Agregar Etiqueta
Sin Etiquetas, Sea el primero en etiquetar este registro!
|
| LEADER | 00765nam a22002055a 4500 | ||
|---|---|---|---|
| 001 | CEM.cems011328 | ||
| 005 | 20071018185418.0 | ||
| 008 | 130507b######################000#0#####d | ||
| 003 | CEMS | ||
| 020 | |a 9879011236 | ||
| 082 | 0 | 4 | |a 510 |
| 100 | 1 | |a Graziani, Estela | |
| 245 | 1 | 0 | |a Para resolver matemática 9º egb / |c Estela Graziani, Mónica Estruch |
| 260 | |a Buenos Aires : |b Del Eclipse | ||
| 300 | |a 158 p. | ||
| 505 | 0 | |a Números reales -- Operaciones con Q -- Expresiones algebraicas enteras -- Relación: introducción al concepto de función -- Sistemas de unidades -- Proporcionalidad -- Estadística | |
| 653 | |a Matemática | ||
| 653 | |a Matemática-9º egb | ||
| 700 | 1 | |a Estruch, Mónica | |
| 859 | |a CEMS |b BIB. CEMS - 11 de abril |h 510 |i G791 |p 22224.03 |t Ej.1 |v 9º |3 9º | ||
